000
00300nam a22001217a 4500
008
231204b |||||||| |||| 00| 0 eng d
100
_a
Pradeep Bahl
245
_a
Current Criminal Reports Vol.III
260
_a
Delhi
_b
Delhi Law Office
_c
1995
300
_a
848
546
_a
English
942
_2
ddc
_c
BK
999
_c
20315
_d
20315